00354pab a2200121 454500008004000000100002900040245008800069260000900157300001000166362000800176650001700184773003100201180718b1984 xxu||||| |||| 00| 0 eng d aSigelman, Lee and others aOrganisational responses to affirmative actionb"Elephant burial grounds" revisited c1984 a27-40 aMay aOrganisation aAdministration and Society